Нормативно-инструктивные документы по вопросам патентования и продажи лицензий. Ч. 2: [Указания о мерах по обеспечению патентоспособности и патентной чистоты машин, приборов, оборудования, материалов и технологических процессов (ЗП-1-70) | Инструкция по экспертизе объектов техники на патентную чистоту] (Запись № 6579969)

Подробности
000 -МАРКЕР
контрольное поле 01737nam2a22002651 4500
001 - ИДЕНТИФИКАТОР ЗАПИСИ
контрольное поле rc\3559925
005 - ИДЕНТИФИКАТОР ВЕРСИИ
контрольное поле 20250610041846.0
035 ## - ДРУГИЕ СИСТЕМНЫЕ НОМЕРА
Идентификатор записи (NLR Aleph) 007685046
100 ## - ДАННЫЕ ОБЩЕЙ ОБРАБОТКИ
Данные общей обработки 20130115d1976 |||y0rusy50 ca
101 0# - ЯЗЫК РЕСУРСА
Язык текста, звукозаписи и т.д. русский
102 ## - СТРАНА ПУБЛИКАЦИИ ИЛИ ПРОИЗВОДСТВА
Страна публикации Российская Федерация
105 ## - ПОЛЕ КОДИРОВАННЫХ ДАННЫХ: ТЕКСТОВЫЕ МАТЕРИАЛЫ, МОНОГРАФИЧЕСКИЕ
Кодированные данные о монографическом текстовом документе a c |||||
200 1# - ЗАГЛАВИЕ И СВЕДЕНИЯ ОБ ОТВЕТСТВЕННОСТИ
Основное заглавие [Указания о мерах по обеспечению патентоспособности и патентной чистоты машин, приборов, оборудования, материалов и технологических процессов (ЗП-1-70)
-- Инструкция по экспертизе объектов техники на патентную чистоту]
210 ## - ПУБЛИКАЦИЯ, РАСПРОСТРАНЕНИЕ И ДР.
Дата издания, распространения и т.д. [1976]
Место издания, распространения и т.д. Б. м.
215 ## - ФИЗИЧЕСКАЯ ХАРАКТЕРИСТИКА
Специфическое обозначение материала и объем 221 с.
Другие сведения о физической характеристике ил.
300 ## - ОБЩИЕ ПРИМЕЧАНИЯ
Текст примечания Описано по обл.
300 ## - ОБЩИЕ ПРИМЕЧАНИЯ
Текст примечания На тит. л. загл. первого произведения
461 #0 - УРОВЕНЬ НАБОРА
Встроенное поле 001rc\3559923
-- 2001#$aНормативно-инструктивные документы по вопросам патентования и продажи лицензий$e[В 2 ч.]$eЧ. 1-2$vЧ. 2
Системный номер (АБИС) связанной записи 6579950
Место публикации Москва
Дата публикации [1976]
Имя издателя, распространителя и т.д. Б. и.
Сведения, относящиеся к заглавию [В 2 ч.] : Ч. 1-2
Заглавие Нормативно-инструктивные документы по вопросам патентования и продажи лицензий
Номер тома Ч. 2
532 13 - РАСШИРЕННОЕ ЗАГЛАВИЕ
Заглавие Указания о мерах по обеспечению патентоспособности и патентной чистоты машин, приборов, оборудования, материалов и технологических процессов (ЗП-1-70)
801 #0 - ИСТОЧНИК ЗАПИСИ
Страна Российская Федерация
Организация NLR
Правила каталогизации psbo
801 #1 - ИСТОЧНИК ЗАПИСИ
Страна Российская Федерация
Организация ELAR
Источник данных rusmarc
852 ## - МЕСТОНАХОЖДЕНИЕ И ШИФР ХРАНЕНИЯ
Идентификатор организации NLR
Шифр хранения (Call Number) 76-4/29791
942 ## - ДОПОЛНИТЕЛЬНЫЕ ЭЛЕМЕНТЫ ЗАПИСИ (АБИС)
Тип экземпляра АБИС Книга
980 ## - КОЛЛЕКЦИЯ
Название коллекции Национальная библиография
Экземпляры
Тип экземпляра Дата поступления Библиотека постоянного хранения Библиотека текущего хранения Место хранения Шифр хранения Штрих-код Статус экземпляра
Книга 26.10.2013 РНБ (Московский) РНБ (Московский) Русский книжный фонд: издания с 1957 года 76-4/29791 7685046-10